Aladdin (Registo nº 3060)

Detalhes MARC
000 -Etiqueta do registo
Cabeçalho 00777nam a22002771 4500
005 - Identificador da versão
Campo de controlo 20240813121951.0
010 ## - Número internacional normalizado dos livros (ISBN)
Número (ISBN) 9727460003
021 ## - Número do Depósito Legal
Código do país PT
Número 76774/94
100 ## - Dados gerais de processamento
Dados gerais de processamento 20080925d1994 cd y0pory5003 ba
102 ## - Pais de publicação ou produção
País de publicação Portugal
101 1# - Língua de publicação
Língua do texto, banda sonora, etc. Português
Língua do documento no original Inglês
106 ## - Campo de dados codificados: material textual
Dados codificados do material textual r
105 ## - Campo de dados codificados: livros
Dados codificados dos livros a z 000fy
215 ## - Descrição física 
Indicação específica da natureza do documento e extensão da espécie [45] p.
Outras indicações físicas todo il.
Dimensões 25 cm
200 1# - Titulo e menção de responsabilidade
Título próprio Aladdin
Primeira menção de responsabilidade Disney
225 2# - Colecção 
Título próprio da colecção Audiocontos Disney para sempre
210 ## - Publicação, Distribuição, etc. 
Lugar da edição, distribuição, etc. Amadora
Nome do editor, distribuidor, etc. Ediclube
Data da publicação, distribuição, etc. D.L. 1994
300 ## - Notas gerais 
Texto da nota O livro resume a narração da cassete que o acompanha
606 ## - Nome comum usado como assunto
Número de registo de entrada de autoridade 0000015
Palavra de ordem Literatura estrangeira infanto-juvenil
Subdivisão de assunto Conto
675 ## - Classificação Decimal Universal (CDU)
Notação 82-34
Edição
Língua da edição por
710 02 - Nome de colectividade-autor (responsabilidade principal)
Número de registo de entrada de autoridade 0000305
Palavra de ordem Walt Disney Productions
942 ## - Elementos de entrada adicionados (Koha)
Tipo de item no Koha Livro
Exemplares
Situação do levantamento Origin of item (home branch) (coded) Biblioteca de empréstimo Código de barras Cota Circulation type (not for loan) Tipo de documento Nota do exemplar Damaged status
  Biblioteca Escolar da Coca Maravilhas Biblioteca Escolar da Coca Maravilhas BECM8275/08 8EST DIS   Livro Sem mensagem